000 00901 a2200265 4500
003 OSt
005 20260406122559.0
008 260306b |||||||| |||| 00| 0 eng d
020 _a9780827615748
037 _cTB
040 _cCRL
_aCRL
041 _2eng
_aeng
084 _aV465:194653(zM).P3 R5
_qCRL
100 _aMedoff, Rafael
_91116039
245 _aRoad to October 7:
_bHamas, the holocaust, and the eternal war against the jews
260 _aPhiladelphia, Pennsylvania:
_bThe Jewish Publication Society,
_c2025.
300 _a351p.
365 _b29.95
_cUSD
650 _aIsrael-Foreign Relations
_91234116
650 _aPalestine-Foreign Relations
_91234117
650 _aWar
650 _aIsrael-History
_91234118
942 _cTB
_2CC
_hV465:194653(zM).P3 R5
999 _c1679776
_d1679776